Estadísticas para Países que Hablan Portugués

Haz click aquí para tomar la prueba!

Estadísticas generales

  • Esta prueba ha sido tomada 1,440 veces
  • La puntuación promedio es 6 de 9

Estadísticas de respuestas

Continente País % Correcto
América del SurBrasil
99%
EuropaPortugal
99%
ÁfricaAngola
77%
ÁfricaMozambique
68%
ÁfricaCabo Verde
62%
ÁfricaGuinea-Bissau
51%
ÁfricaSanto Tomé y Príncipe
47%
AsiaTimor Oriental
46%
ÁfricaGuinea Ecuatorial
38%

Distribución de puntuación

Porcentaje por número respondido

Porcentaje de gente con cada puntuación

Historial de tus puntuaciones

No has tomado esta prueba